Saisons du PSG en fonction du maillot - Statistiques

Statistiques générales
  • Ce quiz a été pris 1 073 fois
  • Le résultat moyen est 12 sur 12
Statistiques - réponses
Par images Réponse % Correct
2018
100%
2021
99%
2022
99%
2013
98%
2014
98%
2015
98%
2019
98%
2016
97%
2017
97%
2023
97%
2020
96%
2012
95%
Aucun quiz correspondant
Distribution des résultats
% des personnes avec chaque résultat
Percentile par nombre de réponses
Votre historique - résultats
Vous n’avez pas pris ce quiz